GABRIEL GARCIA MARQUEZ (Record no. 6997)
[ view plain ]
| 000 -LEADER | |
|---|---|
| fixed length control field | 00633nam a22001457a 4500 |
| 020 ## - INTERNATIONAL STANDARD BOOK NUMBER | |
| ISBN | 978-0-140-15751-2 |
| 082 ## - DEWEY DECIMAL CLASSIFICATION NUMBER | |
| Classification number | 823 |
| Item number | MAR/G |
| 100 ## - MAIN ENTRY--AUTHOR NAME | |
| Personal name | GABRIEL GARGIA MARQUES |
| 245 ## - TITLE STATEMENT | |
| Title | GABRIEL GARCIA MARQUEZ |
| Remainder of title | ONE HUNDRED YEARS OF SOLITUDE |
| 260 ## - PUBLICATION, DISTRIBUTION, ETC. (IMPRINT) | |
| Place of publication | HARYANA |
| Name of publisher | PENGUIN BOOKS |
| Year of publication | 1972 |
| 300 ## - PHYSICAL DESCRIPTION | |
| Number of Pages | 422 |
| 520 ## - SUMMARY, ETC. | |
| Summary, etc | Gabriel García Márquez, (born March 6, 1927, Aracataca, Colom. —died April 17, 2014, Mexico City, Mex.), Latin American writer. He worked many years as a journalist in Latin American and European cities and later also as a screenwriter and publicist, before settling in Mexico. |
| 650 ## - SUBJECT ADDED ENTRY--TOPICAL TERM | |
| Topical Term | SHORT STORY |
| 942 ## - ADDED ENTRY ELEMENTS (KOHA) | |
| Koha item type | Books |
| Withdrawn status | Lost status | Collection code | Home library | Current library | Shelving location | Date acquired | Source of acquisition | Cost, normal purchase price | Full call number | Accession Number | Koha item type |
|---|---|---|---|---|---|---|---|---|---|---|---|
| Fiction | Main Library | Main Library | NEW SHELF WITH NEW ENTRY | 26/10/2023 | Purchase | 399.00 | 823 MAR/G | 13211 | Books |